000
00416nam a22000977a 4500
999
_c
58297
_d
58297
008
211101s1950 ge ||||| |||| 00| 0 geo d
080
_a
3K11 რ-98
100
_a
მარქსი, კ., ენგელსი, ფ.
_9
12775
245
_a
რჩეული ნაწერები ორ ტომად :
_b
ტომი 2 /
_c
კ. მარქსი, ფ. ენგელსი.
264
_a
თბილისი,
_c
1950.